000 00573cam a2200205 4500500
005 20260405003706.0
041 _afre
042 _adc
100 1 0 _aLarmagnac-Matheron, Octave
_eauthor
245 0 0 _a“Exposome”
260 _c2023.
500 _a27
690 _aBiologie
690 _aCosmos
690 _aRelation
690 _aTotalité
690 _aVivant
786 0 _nPhilosophie magazine | 169 | 5 | 2023-05-01 | p. 6-6 | 1951-1787
856 4 1 _uhttps://shs.cairn.info/magazine-philosophie-magazine-2023-5-page-6?lang=fr&redirect-ssocas=7080
999 _c2069906
_d2069906